Forecasting methods and applications (Record no. 31368)

MARC details
000 -LEADER
fixed length control field 00330nam a2200121Ia 4500
082 ## - DEWEY DECIMAL CLASSIFICATION NUMBER
Classification number 338.27
Item number MAK
100 ## - MAIN ENTRY--AUTHOR NAME
Personal name Makridakis, Spyros
245 #0 - TITLE STATEMENT
Title Forecasting methods and applications
260 ## - PUBLICATION, DISTRIBUTION, ETC. (IMPRINT)
Place of publication Santa Barbara
Name of publisher John wiley
Year of publication 1978
700 ## - ADDED ENTRY--PERSONAL NAME
Personal name Wheelwright, Steven C
942 ## - ADDED ENTRY ELEMENTS (KOHA)
Koha item type Books
Holdings
Withdrawn status Lost status Damaged status Not for loan Home library Current library Date acquired Cost, normal purchase price Full call number Accession Number Koha item type
        RRII Library RRII Library 16/12/2021 29.95 338.27 MAK 11914 Books